000 01583cab a2200217 4500
001 X2980
008 090401t1996 xxu||||| |||| 00| 0 eng d
035 _a(Sirsi) u27664
041 _aeng
245 _aO`Keefe v SoS Environment and Isle of Wight CC
260 _c1996
350 _a0
490 _aJournal of Planning and Environment Law
_v1996 JPL 42-60(19)
520 _aQBD 24 June 1994. Definitive map - modification order - ss53-54 Wildlife and Countryside Act 1981 - Sch 15 requirements - owners of land objected to Order - proposed public inquiry - objection withdrawn - decision on confirmation of Order by SoS - judicial review of confirmation - power of SoS to confirm following withdrawal of formal objection - no inquiry held - objection withdrawn to enable confirmation of Order for judicial review proceedings - no prejudice to applicants - requirement for definitive map and statement - what constituted the statement-record records -no particular form stipulated for the statement - specified event under s53 - procedures adopted in making the Order -analysis of evidence of intention-consideration of meaning of use "as of right" proof of dedication-user as of light meant user which was not only nec vi clam, nec precario but was in the honest belief in a legal right to use-Council had correctly considered all the evidence and were not misdirected-app
650 _aDEFINITIVE MAP
650 _aMODIFICATION ORDERS
650 _aWILDLIFE AND OCUNTRYSIDE ACT 1981
690 _aPLANNING LAW AND PRACTICE-CASE LAW
942 _n0
948 _c04/03/1997
999 _c18628
_d18628